000 00525nam a2200181 4500
001 122478
003 ES-MaACL
005 20250607063027.0
007 t|
008 070214s1948 sp r ||||1| spa d
100 1 _aPuente, Isaac,
_d1896-1936
_9240801
245 1 3 _aLa higiene, la salud y los microbios /
_cpor el doctor Isaac Puente.
250 _a3ยช. ed.
260 _aValencia :
_bJ. Juan Pastor,
_c1948.
300 _a78 p. ;
_c18 cm.
852 _aES-MaACL
_j1892-F-5
_bR.26628
999 _c122478
_d122478